000 00869nam a2200241 4500
003 LK-CoMWRAF
005 20240503120814.0
008 240212b |||||||| |||| 00| 0 eng d
020 _a9789551770068
040 _aLK-CoMWRAF
_dLK-CoMWRAF
_eLK-CoMWRAF
041 _aeng
082 _a305.4
_bSHA
245 _aShadowing the state through CEDAW:
_ba compilation of the Sri Lanka NGO shadow report, CEDAW concluding observations and other documents 2010/2011
260 _aColombo :
_bThe Women and media collective,
_c2011
300 _av.,104 p. ; 24 cm
650 _aConvention on the Elimination of All Forms of Discrimination against Women
650 _aWomen's rights - Sri Lanka
650 _aViolence against women -Sri Lanka
700 _aKodikara, Chulani
_eed.
700 _aSamuel, Kumudini
_eed.
700 _aKottegoda, Sepali
_eed.
942 _cRP
999 _c4746
_d4746